[Event "AUT Bundesliga 2021-22"]
[Site "Graz"]
[Date "2022.04.22"]
[Round "10.17"]
[White "Sebenik, Matej"]
[Black "Deglmann, Ludwig"]
[Result "*"]
[WhiteElo "2510"]
[BlackElo "2248"]
[Annotator "TA"]
[PlyCount "31"]
[EventDate "2021.11.04"]
[EventType "team-tourn"]
[EventCountry "AUT"]
[SourceTitle "playchess.com"]
[Source "ChessBase"]
[SourceQuality "1"]
[TimeControl "40/5400+30:1800+30"]

{[%evp 5,5,23]} 1. Nf3 {[%emt 0:00:08]} c5 {[%emt 0:01:09]} 2. c4 {[%emt 0:00:33]} Nc6 {[%emt 0:00:07]} 3. Nc3 {[%emt 0:00:06] [#] Not much happened in this game.} {Predecessor:} Nf6 $146 4. e3 a6 5. d4 cxd4 6. exd4 {B13: Caro-Kann: Exchange Variation and Panov-Botvinnik Attack.} d5 7. Bg5 Be6 8. Be2 g6 9. Bxf6 exf6 10. O-O Bg7 11. c5 O-O 12. b4 f5 13. Qd2 Qf6 14. Rfd1 g5 15. Nxg5 Qxd4 16. Qxd4 {½-½ (16) Mamedyarov,S (2767)-Grandelius,N (2672) Wijk aan Zee 2022} *

[Event "AUT Bundesliga 2021-22"]
[Site "Graz"]
[Date "2022.04.22"]
[Round "10.18"]
[White "de Francesco, Klaus"]
[Black "Janzelj, Tim"]
[Result "*"]
[WhiteElo "2177"]
[BlackElo "2463"]
[Annotator "TA"]
[PlyCount "33"]
[EventDate "2021.11.04"]
[EventType "team-tourn"]
[EventCountry "AUT"]
[SourceTitle "playchess.com"]
[Source "ChessBase"]
[SourceQuality "1"]
[TimeControl "40/5400+30:1800+30"]

{[%evp 8,8,57]} 1. d4 {[%emt 0:00:04]} d6 {[%emt 0:00:10]} 2. c4 {[%emt 0:00:57]} g6 {[%emt 0:00:25]} 3. e4 {[%emt 0:00:57]} Bg7 {[%emt 0:00:08]} 4. Nc3 {[%emt 0:00:39]} Nc6 {[%emt 0:02:22] [#] An uneventful encounter.} {Predecessor:} 5. Be3 $146 e5 6. d5 {A42: Modern Defence: Averbakh Variation.} Nce7 7. g4 f5 8. gxf5 gxf5 9. Bh3 Nf6 10. Bg5 O-O 11. Nge2 fxe4 12. Bxc8 Qxc8 13. Rg1 Qf5 14. Qd2 Ng6 15. Ng3 Qf3 16. Bxf6 Rxf6 17. Ncxe4 {0-1 (33) Svidler,P (2694)-Nakamura,H (2736) Chess.com INT 2021} *

[Event "AUT Bundesliga 2021-22"]
[Site "Graz"]
[Date "2022.04.22"]
[Round "10.19"]
[White "Haba, Petr"]
[Black "Krassowizkij, Jaroslaw"]
[Result "*"]
[WhiteElo "2441"]
[BlackElo "2449"]
[Annotator "TA"]
[PlyCount "37"]
[EventDate "2021.11.04"]
[EventType "team-tourn"]
[EventCountry "AUT"]
[SourceTitle "playchess.com"]
[Source "ChessBase"]
[SourceQuality "1"]
[TimeControl "40/5400+30:1800+30"]

{[%evp 11,12,32,19]} 1. d4 {[%emt 0:00:16]} d5 {[%emt 0:00:05]} 2. c4 {[%emt 0:00:11]} e6 {[%emt 0:00:06]} 3. Nf3 {[%emt 0:00:17]} Nf6 {[%emt 0:00:05]} 4. g3 {[%emt 0:00:27]} dxc4 {[%emt 0:00:10]} 5. Bg2 {[%emt 0:00:23]} c5 {[%emt 0:00:04]} 6. O-O {[%emt 0:01:33]} Nc6 {[%emt 0:00:06] [#]} {Predecessor:} 7. Ne5 $146 {E04: Open Catalan: 5 Nf3.} Bd7 8. Na3 cxd4 9. Naxc4 Rc8 10. Qb3 Nxe5 11. Nxe5 Bd6 12. Nxd7 Qxd7 13. Rd1 Be5 14. Qxb7 Qxb7 15. Bxb7 Rc7 16. Bf3 Ke7 17. b3 Rd8 18. Bd2 Nd5 19. Ba5 {½-½ (73) Carlsen,M (2864)-Duda,J (2750) chess24.com INT 2022} *

[Event "AUT Bundesliga 2021-22"]
[Site "Graz"]
[Date "2022.04.22"]
[Round "10.20"]
[White "Kvetny, Mark"]
[Black "Kilgus, Georg"]
[Result "*"]
[WhiteElo "2417"]
[BlackElo "2415"]
[Annotator "TA"]
[PlyCount "26"]
[EventDate "2021.11.04"]
[EventType "team-tourn"]
[EventCountry "AUT"]
[SourceTitle "playchess.com"]
[Source "ChessBase"]
[SourceQuality "1"]
[TimeControl "40/5400+30:1800+30"]

{[%evp 9,10,25,22]} 1. d4 {[%emt 0:00:02]} Nf6 {[%emt 0:00:05]} 2. c4 {[%emt 0:00:04]} e6 {[%emt 0:00:02]} 3. Nf3 {[%emt 0:00:07]} d5 {[%emt 0:01:49]} 4. g3 {[%emt 0:00:05]} dxc4 {[%emt 0:02:39]} 5. Bg2 {[%emt 0:00:04]} c6 {[%emt 0:00:03] [#]} {Predecessor:} 6. a4 $146 {E04: Open Catalan: 5 Nf3.} Bb4+ 7. Bd2 a5 8. Qc2 O-O 9. Qxc4 Bxd2+ 10. Nbxd2 b6 11. Qc2 Ba6 12. Ne4 Nxe4 13. Qxe4 Nd7 {½-½ (52) Andreikin,D (2724)-Xiong,J (2686) Chess.com INT 2022} *

[Event "AUT Bundesliga 2021-22"]
[Site "Graz"]
[Date "2022.04.22"]
[Round "10.21"]
[White "Leisch, Lukas"]
[Black "Spitzl, Vinzent"]
[Result "*"]
[WhiteElo "2403"]
[BlackElo "2319"]
[Annotator "TA"]
[PlyCount "39"]
[EventDate "2021.11.04"]
[EventType "team-tourn"]
[EventCountry "AUT"]
[SourceTitle "playchess.com"]
[Source "ChessBase"]
[SourceQuality "1"]
[TimeControl "40/5400+30:1800+30"]

{[%evp 7,7,31]} 1. d4 {[%emt 0:00:04]} f5 {[%emt 0:01:57]} 2. c4 {[%emt 0:00:12]} Nf6 {[%emt 0:00:08]} 3. Nc3 {[%emt 0:00:07]} d6 {[%emt 0:01:46]} 4. Nf3 {[%emt 0:00:13] [#] An uneventful encounter.} {Predecessor:} g6 $146 5. g3 Bg7 6. Bg2 {A88: Dutch Defence: Leningrad System: 5 Nf3 0-0 6 0-0 d6 7 Nc3 c6.} O-O 7. O-O c6 8. d5 e5 9. dxe6 Bxe6 10. b3 Na6 11. Bb2 Nc5 12. Qc2 Qe7 13. Rad1 a5 14. e3 Rad8 15. Ne2 Kh8 16. Nf4 Bf7 17. Ng5 Bg8 18. Bc3 a4 19. Bd4 axb3 20. axb3 {1-0 (56) Esipenko,A (2682)-Dubov,D (2699) Chess.com INT 2020} *

[Event "AUT Bundesliga 2021-22"]
[Site "Graz"]
[Date "2022.04.22"]
[Round "10.23"]
[White "Webersberger, Johann"]
[Black "Neyman, Igor"]
[Result "*"]
[WhiteElo "2321"]
[BlackElo "2325"]
[Annotator "TA"]
[PlyCount "29"]
[EventDate "2021.11.04"]
[EventType "team-tourn"]
[EventCountry "AUT"]
[SourceTitle "playchess.com"]
[Source "ChessBase"]
[SourceQuality "1"]
[TimeControl "40/5400+30:1800+30"]

{[%evp 11,12,22,12]} 1. e4 {[%emt 0:00:03]} c5 {[%emt 0:00:16]} 2. c3 {[%emt 0:00:04]} d5 {[%emt 0:00:26]} 3. exd5 {[%emt 0:00:05]} Qxd5 {[%emt 0:00:08]} 4. d4 {[%emt 0:00:03]} e6 {[%emt 0:00:31]} 5. Nf3 {[%emt 0:00:06]} Nf6 {[%emt 0:00:27]} 6. Na3 {[%emt 0:00:35]} Nc6 {[%emt 0:02:19] [#]} {Predecessor:} 7. Be3 $146 {B22: Sicilian: 2 c3.} cxd4 8. Nb5 Qd7 9. Nbxd4 Nxd4 10. Bxd4 a6 11. Ne5 Qc7 12. Qa4+ Bd7 13. Nxd7 Qxd7 14. Qxd7+ Nxd7 15. g3 {½-½ (32) Aronian,L (2785)-Dubov,D (2711) Chess.com INT 2022} *

[Event "AUT Bundesliga 2021-22"]
[Site "Graz"]
[Date "2022.04.22"]
[Round "10.24"]
[White "Kranz, Armin"]
[Black "Lentrodt, Thomas"]
[Result "*"]
[WhiteElo "2117"]
[BlackElo "2253"]
[Annotator "TA"]
[PlyCount "33"]
[EventDate "2021.11.04"]
[EventType "team-tourn"]
[EventCountry "AUT"]
[SourceTitle "playchess.com"]
[Source "ChessBase"]
[SourceQuality "1"]
[TimeControl "40/5400+30:1800+30"]

{[%evp 8,8,23]} 1. d4 {[%emt 0:00:00]} d5 {[%emt 0:00:00]} 2. Nf3 {[%emt 0:00:00]} Nf6 {[%emt 0:00:00]} 3. c4 {[%emt 0:00:15]} e6 {[%emt 0:01:29]} 4. g3 {[%emt 0:00:36]} c6 {[%emt 0:02:24] [#] Not much happened in this game.} {Predecessor:} 5. Bg2 $146 Be7 6. O-O {A14: English Opening: 1...e6 with b3 by White.} O-O 7. b3 a5 8. Nc3 b6 9. Bb2 Ba6 10. Qc2 dxc4 11. Rfd1 cxb3 12. axb3 Nd5 13. Ne5 Bb7 14. e4 Nb4 15. Qe2 Nd7 16. Nc4 b5 17. Ne3 {1-0 (57) Sjugirov,S (2680)-Jumabayev,R (2628) Chess.com INT 2022} *

[Event "AUT Bundesliga 2021-22"]
[Site "Graz"]
[Date "2022.04.22"]
[Round "10.25"]
[White "Berkes, Ferenc"]
[Black "Neugebauer, Martin"]
[Result "*"]
[WhiteElo "2660"]
[BlackElo "2502"]
[Annotator "TA"]
[PlyCount "35"]
[EventDate "2021.11.04"]
[EventType "team-tourn"]
[EventCountry "AUT"]
[SourceTitle "playchess.com"]
[Source "ChessBase"]
[SourceQuality "1"]
[TimeControl "40/5400+30:1800+30"]

{[%evp 15,17,1,17,3]} 1. d4 {[%emt 0:00:04]} Nf6 {[%emt 0:00:13]} 2. c4 {[%emt 0:00:10]} e6 {[%emt 0:00:22]} 3. Nc3 {[%emt 0:00:07]} Bb4 {[%emt 0:00:20]} 4. e3 {[%emt 0:00:06]} O-O {[%emt 0:00:32]} 5. Bd3 {[%emt 0:00:05]} c5 {[%emt 0:00:47]} 6. Nf3 {[%emt 0:00:07]} d5 {[%emt 0:00:26]} 7. O-O {[%emt 0:00:17]} b6 {[%emt 0:00:40]} 8. cxd5 {[%emt 0:00:46]} exd5 {[%emt 0:00:22]} 9. dxc5 {[%emt 0:00:35] [#] A rather calm draw. E53: Nimzo-Indian: Rubinstein: Main Line (4...0-0 5 Nf3 d5 6 Bd3 c5 7 0-0).} {Predecessor:} bxc5 $146 10. Bd2 Nc6 11. Rc1 Bg4 12. h3 Bh5 13. a3 Ba5 14. g4 Bg6 15. Bxg6 hxg6 16. b4 cxb4 17. Ne2 Rc8 18. axb4 {0-1 (35) Vachier Lagrave,M (2778)-Nepomniachtchi,I (2784) chess24.com INT 2020} *

[Event "AUT Bundesliga 2021-22"]
[Site "Graz"]
[Date "2022.04.22"]
[Round "10.26"]
[White "Dobosz, Henryk"]
[Black "Markus, Robert"]
[Result "*"]
[WhiteElo "2381"]
[BlackElo "2625"]
[Annotator "TA"]
[PlyCount "27"]
[EventDate "2021.11.04"]
[EventType "team-tourn"]
[EventCountry "AUT"]
[SourceTitle "playchess.com"]
[Source "ChessBase"]
[SourceQuality "1"]
[TimeControl "40/5400+30:1800+30"]

{[%evp 9,9,19]} 1. e4 {[%emt 0:00:06]} e6 {[%emt 0:00:04]} 2. d4 {[%emt 0:01:01]} d5 {[%emt 0:00:06]} 3. Nc3 {[%emt 0:00:17]} Bb4 {[%emt 0:00:31]} 4. exd5 {[%emt 0:00:54]} exd5 {[%emt 0:00:05]} 5. Bd3 {[%emt 0:00:42] [#] A rather calm draw.} {Predecessor:} Ne7 $146 6. Nf3 {C01: French: Exchange Variation.} Nbc6 7. O-O O-O 8. Ne2 Bf5 9. Ng3 Bxd3 10. Qxd3 Qd7 11. c3 Bd6 12. Bd2 Rae8 13. Rae1 f6 14. Nh4 {1-0 (34) Tari,A (2650)-Melkumyan,H (2649) Chess.com INT 2022} *

[Event "AUT Bundesliga 2021-22"]
[Site "Graz"]
[Date "2022.04.22"]
[Round "10.27"]
[White "Nagy, Gabor"]
[Black "Mira, Helene"]
[Result "*"]
[WhiteElo "2518"]
[BlackElo "2090"]
[Annotator "TA"]
[PlyCount "23"]
[EventDate "2021.11.04"]
[EventType "team-tourn"]
[EventCountry "AUT"]
[SourceTitle "playchess.com"]
[Source "ChessBase"]
[SourceQuality "1"]
[TimeControl "40/5400+30:1800+30"]

{[%evp 8,8,33]} 1. d4 {[%emt 0:00:04]} d5 {[%emt 0:00:12]} 2. Nf3 {[%emt 0:00:32]} Nf6 {[%emt 0:01:13]} 3. c4 {[%emt 0:02:04]} e6 {[%emt 0:00:10]} 4. Nc3 {[%emt 0:00:40]} Be7 {[%emt 0:00:50] [#] A rather calm draw.} {Predecessor:} 5. Bf4 $146 O-O 6. e3 {D37: Queen's Gambit Declined: 5 Bf4.} c5 7. dxc5 Bxc5 8. Qc2 Nc6 9. a3 Qa5 10. Rd1 h6 11. Be2 Ne4 12. cxd5 {½-½ (12) Vidit,S (2723)-Caruana,F (2781) Chess.com INT 2022} *

[Event "AUT Bundesliga 2021-22"]
[Site "Graz"]
[Date "2022.04.22"]
[Round "10.28"]
[White "Kozissnik, Christian"]
[Black "Mesaros, Florian"]
[Result "*"]
[WhiteElo "2018"]
[BlackElo "2419"]
[Annotator "TA"]
[PlyCount "26"]
[EventDate "2021.11.04"]
[EventType "team-tourn"]
[EventCountry "AUT"]
[SourceTitle "playchess.com"]
[Source "ChessBase"]
[SourceQuality "1"]
[TimeControl "40/5400+30:1800+30"]

{[%evp 9,10,4,8]} 1. d4 {[%emt 0:00:04]} d5 {[%emt 0:00:14]} 2. Nf3 {[%emt 0:00:03]} Nf6 {[%emt 0:00:25]} 3. g3 {[%emt 0:00:05]} c5 {[%emt 0:00:22]} 4. Bg2 {[%emt 0:00:10]} cxd4 {[%emt 0:00:44]} 5. O-O {[%emt 0:00:18]} h6 {[%emt 0:01:36] [#]} {Predecessor:} 6. b3 $146 {D02: 1 d4 d5 2 Nf3 sidelines, including 2...Nf6 3 g3 and 2...Nf6 3 Bf4.} g6 7. Bb2 Bg7 8. Bxd4 Nc6 9. Bb2 O-O 10. Nbd2 Re8 11. Ne5 Qd6 12. Nxc6 bxc6 13. c4 Bf5 {0-1 (51) Rakhmanov,A (2640)-Vidit,S (2727) Chess.com INT 2022} *

[Event "AUT Bundesliga 2021-22"]
[Site "Graz"]
[Date "2022.04.22"]
[Round "10.30"]
[White "Amann, Harald"]
[Black "Csonka, Attila Istvan"]
[Result "*"]
[WhiteElo "1913"]
[BlackElo "2334"]
[Annotator "TA"]
[PlyCount "20"]
[EventDate "2021.11.04"]
[EventType "team-tourn"]
[EventCountry "AUT"]
[SourceTitle "playchess.com"]
[Source "ChessBase"]
[SourceQuality "1"]
[TimeControl "40/5400+30:1800+30"]

{[%evp 7,7,-73]} 1. Nf3 {[%emt 0:00:03]} Nc6 {[%emt 0:00:34]} 2. g3 {[%emt 0:01:23]} e5 {[%emt 0:00:17]} 3. Nc3 {[%emt 0:00:31]} d5 {[%emt 0:00:47]} 4. d4 {[%emt 0:01:59] [#] Not much happened in this game.} {Predecessor:} e4 $146 5. Ne5 Nxe5 6. dxe5 {A04: Unusual lines after 1 Nf3 and King's Indian Attack.} Be6 7. Bg2 h5 8. h4 c6 9. f3 exf3 10. exf3 Qb6 {0-1 (37) Gallego,J (1943)-Betancourt Giraldo,D (2174) Medellin 2017} *

[Event "AUT Bundesliga 2021-22"]
[Site "Graz"]
[Date "2022.04.22"]
[Round "10.31"]
[White "Bluebaum, Matthias"]
[Black "Dragnev, Valentin"]
[Result "*"]
[WhiteElo "2642"]
[BlackElo "2533"]
[Annotator "TA"]
[PlyCount "25"]
[EventDate "2021.11.04"]
[EventType "team-tourn"]
[EventCountry "AUT"]
[SourceTitle "playchess.com"]
[Source "ChessBase"]
[SourceQuality "1"]
[TimeControl "40/5400+30:1800+30"]

{[%evp 9,10,7,8]} 1. d4 {[%emt 0:00:03]} Nf6 {[%emt 0:00:08]} 2. Nf3 {[%emt 0:00:09]} d5 {[%emt 0:00:26]} 3. e3 {[%emt 0:00:11]} c5 {[%emt 0:02:34]} 4. Nbd2 {[%emt 0:00:21]} cxd4 {[%emt 0:01:35]} 5. exd4 {[%emt 0:00:06]} Qc7 {[%emt 0:00:05] [#]} {Predecessor:} 6. Bd3 $146 {D04: Colle System.} Nc6 7. c3 Bg4 8. Qa4 Bd7 9. Qc2 Rc8 10. a3 Bg4 11. Qa4 e6 12. Ne5 Bh5 13. Nf1 {0-1 (74) Naroditsky,D (2623)-Lenderman,A (2607) Saint Louis 2021} *

[Event "AUT Bundesliga 2021-22"]
[Site "Graz"]
[Date "2022.04.22"]
[Round "10.32"]
[White "Blohberger, Felix"]
[Black "Nisipeanu, Liviu-Dieter"]
[Result "*"]
[WhiteElo "2503"]
[BlackElo "2652"]
[Annotator "TA"]
[PlyCount "30"]
[EventDate "2021.11.04"]
[EventType "team-tourn"]
[EventCountry "AUT"]
[SourceTitle "playchess.com"]
[Source "ChessBase"]
[SourceQuality "1"]
[TimeControl "40/5400+30:1800+30"]

{[%evp 10,11,9,0]} 1. e4 {[%emt 0:00:04]} e5 {[%emt 0:00:05]} 2. Nf3 {[%emt 0:00:09]} Nc6 {[%emt 0:00:05]} 3. Nc3 {[%emt 0:00:05]} Nf6 {[%emt 0:00:04]} 4. Bb5 {[%emt 0:00:05]} Bb4 {[%emt 0:01:18]} 5. O-O {[%emt 0:00:34]} O-O {[%emt 0:00:07]} 6. Bxc6 {[%emt 0:03:20] [#]} {Predecessor:} dxc6 $146 {C49: Four Knights: 4 Bb5 Bb4.} 7. d3 Re8 8. Be3 Bf8 9. Ne2 c5 10. b3 Nd7 11. Nd2 Nb8 12. f4 exf4 13. Nxf4 Nc6 14. Kh1 Ne5 15. h3 f5 {0-1 (47) Chigaev,M (2643)-Artemiev,V (2704) Moscow 2021} *

[Event "AUT Bundesliga 2021-22"]
[Site "Graz"]
[Date "2022.04.22"]
[Round "10.33"]
[White "Donchenko, Alexander"]
[Black "Peyrer, Konstantin"]
[Result "*"]
[WhiteElo "2619"]
[BlackElo "2301"]
[Annotator "TA"]
[PlyCount "31"]
[EventDate "2021.11.04"]
[EventType "team-tourn"]
[EventCountry "AUT"]
[SourceTitle "playchess.com"]
[Source "ChessBase"]
[SourceQuality "1"]
[TimeControl "40/5400+30:1800+30"]

{[%evp 8,8,54]} 1. c4 {[%emt 0:00:07]} g6 {[%emt 0:00:45]} 2. Nc3 {[%emt 0:00:37]} Bg7 {[%emt 0:00:08]} 3. d4 {[%emt 0:00:54]} Nf6 {[%emt 0:00:44]} 4. e4 {[%emt 0:00:18]} d6 {[%emt 0:00:06] [#] An uneventful encounter.} {Predecessor:} 5. Be2 $146 O-O 6. h4 {E73: King's Indian: Averbakh Variation without 6...c5.} c5 7. d5 e6 8. h5 exd5 9. exd5 Re8 10. h6 Bh8 11. Bg5 Qb6 12. b3 Ne4 13. Nxe4 Rxe4 14. Kf1 Na6 15. Bd3 Bg4 16. f3 {½-½ (33) Oparin,G (2674)-Nakamura,H (2750) Berlin 2022} *

[Event "AUT Bundesliga 2021-22"]
[Site "Graz"]
[Date "2022.04.22"]
[Round "10.34"]
[White "Schneider-Zinner, Harald"]
[Black "Svane, Rasmus"]
[Result "*"]
[WhiteElo "2370"]
[BlackElo "2637"]
[Annotator "TA"]
[PlyCount "27"]
[EventDate "2021.11.04"]
[EventType "team-tourn"]
[EventCountry "AUT"]
[SourceTitle "playchess.com"]
[Source "ChessBase"]
[SourceQuality "1"]
[TimeControl "40/5400+30:1800+30"]

{[%evp 6,6,-17]} 1. d4 {[%emt 0:00:04]} Nf6 {[%emt 0:00:34]} 2. Nf3 {[%emt 0:00:17]} d5 {[%emt 0:00:32]} 3. g3 {[%emt 0:00:26]} c5 {[%emt 0:01:44] [#] A rather calm draw.} {Predecessor:} 4. Bg2 $146 e6 5. O-O Nc6 6. e3 {D02: 1 d4 d5 2 Nf3 sidelines, including 2...Nf6 3 g3 and 2...Nf6 3 Bf4.} b6 7. c4 cxd4 8. Nxd4 Nxd4 9. exd4 Be7 10. Nc3 O-O 11. cxd5 Nxd5 12. Nxd5 exd5 13. Bf4 Be6 14. Qa4 {1-0 (52) Carlsen,M (2864)-Duda,J (2750) chess24.com INT 2022} *

[Event "AUT Bundesliga 2021-22"]
[Site "Graz"]
[Date "2022.04.22"]
[Round "10.35"]
[White "Acs, Peter"]
[Black "Steindl, Johannes"]
[Result "*"]
[WhiteElo "2591"]
[BlackElo "2237"]
[Annotator "TA"]
[PlyCount "29"]
[EventDate "2021.11.04"]
[EventType "team-tourn"]
[EventCountry "AUT"]
[SourceTitle "playchess.com"]
[Source "ChessBase"]
[SourceQuality "1"]
[TimeControl "40/5400+30:1800+30"]

{[%evp 12,16,23,-14,-9,-22,-13]} 1. e4 {[%emt 0:00:08]} e6 {[%emt 0:00:04]} 2. d4 {[%emt 0:00:22]} d5 {[%emt 0:00:04]} 3. e5 {[%emt 0:01:03]} c5 {[%emt 0:00:05]} 4. c3 {[%emt 0:00:05]} Nc6 {[%emt 0:00:04]} 5. Nf3 {[%emt 0:00:09]} Qb6 {[%emt 0:00:04]} 6. Bd3 {[%emt 0:00:44]} Bd7 {[%emt 0:00:39]} 7. O-O {[%emt 0:00:59] The main line 7.0-0 scores better than 7.dxc5.} cxd4 {[%emt 0:00:05] C02: French: Advance Variation.} 8. Re1 {[%emt 0:00:25]} Nge7 {[%emt 0:00:15] [#] An uneventful encounter.} {Predecessor:} 9. h4 $146 h6 10. a3 Rc8 11. b4 a6 12. Bb2 g5 13. Nh2 Bg7 14. Ng4 gxh4 15. cxd4 {1-0 (26) Vachier Lagrave,M (2763)-Ponkratov,P (2659) Riga 2021} *

[Event "AUT Bundesliga 2021-22"]
[Site "Graz"]
[Date "2022.04.22"]
[Round "10.36"]
[White "Steiner, Adam"]
[Black "Boensch, Uwe"]
[Result "*"]
[WhiteElo "2220"]
[BlackElo "2494"]
[Annotator "TA"]
[PlyCount "24"]
[EventDate "2021.11.04"]
[EventType "team-tourn"]
[EventCountry "AUT"]
[SourceTitle "playchess.com"]
[Source "ChessBase"]
[SourceQuality "1"]
[TimeControl "40/5400+30:1800+30"]

{[%evp 7,7,0]} 1. e4 {[%emt 0:00:02]} c5 {[%emt 0:00:07]} 2. Nf3 {[%emt 0:00:13]} Nc6 {[%emt 0:00:08]} 3. Bc4 {[%emt 0:00:41]} e6 {[%emt 0:01:59]} 4. O-O {[%emt 0:00:43] [#] An uneventful encounter.} {Predecessor:} Nf6 $146 5. Re1 Nxe4 6. Rxe4 {B30: Sicilian: 2...Nc6 3 Bb5, lines without ...g6.} d5 7. Bxd5 Qxd5 8. Nc3 Qf5 9. d4 cxd4 10. Nxd4 Nxd4 11. Rxd4 Be7 12. Be3 O-O {½-½ (42) Adhiban,B (2648)-Sethuraman,S (2619) chess24.com INT 2022} *